00498nam a22001817a 450000500170000000800410001702000180005804000210007604100080009708200150010510000270012024500610014725000120020826000340022030000100025465000250026470000270028920250301050751.0250301b |||||||| |||| 00| 0 eng d a9788119679966 aIN-DiNCcIN-DiNC deng a891.2bNEO aNeog, Biswajiteauthor aIndian classical literature(major 7)/cby Biswajit Neog  a1st ed. aJorhat:bBidya Bhawan,c2025. a238p. aClassical Literature aKakoli Kashyapeauthor